Titi dan Toto; (Record no. 71634)

MARC details
000 -LEADER
fixed length control field 00574cam a22002051 4500
001 - CONTROL NUMBER
control field sa 66008079
003 - CONTROL NUMBER IDENTIFIER
control field DLC
005 - DATE AND TIME OF LATEST TRANSACTION
control field 20260227112310.0
008 - FIXED-LENGTH DATA ELEMENTS--GENERAL INFORMATION
fixed length control field 970405s1964 io a 000 1 ind
010 ## - LIBRARY OF CONGRESS CONTROL NUMBER
LC control number sa 66008079
035 ## - SYSTEM CONTROL NUMBER
System control number (OCoLC)36682959
040 ## - CATALOGING SOURCE
Original cataloging agency DLC
Transcribing agency WU
Modifying agency DLC
042 ## - AUTHENTICATION CODE
Authentication code premarc
050 00 - LIBRARY OF CONGRESS CALL NUMBER
Classification number PZ90.I5
Item number M33 1964
100 1# - MAIN ENTRY--PERSONAL NAME
Personal name Marjono.
245 10 - TITLE STATEMENT
Title Titi dan Toto;
Remainder of title batjaan anak² umur 8-10 th.
Statement of responsibility, etc. Gambar kulit dan gambar dalam oleh Wied Suroso.
250 ## - EDITION STATEMENT
Edition statement Tjet. 2.
260 ## - PUBLICATION, DISTRIBUTION, ETC.
Place of publication, distribution, etc. Djakarta,
Name of publisher, distributor, etc. Balai Pustaka,
Date of publication, distribution, etc. 1964.
300 ## - PHYSICAL DESCRIPTION
Extent 104 p.
Other physical details illus.
Dimensions 16 cm.

No items available.

Powered by Koha